Informační zpravodaj ÚV Svazarmu pro přípravu k civilní obraně obrana vlasti

Bibliographic Details
Format: Serial
Language:Slovak
Czech
PhysicalDescription:zv. cm
Published: Praha Ústřední výbor Svazarmu 1989-1990
Subjects:

MARC

LEADER 00000cas a2200000 a 4500
001 vtls001320839
003 SK-MaSNL
005 20260228155642.0
008 180126d19891990xo x 0 0 0slo c
035 |a SNK000273477 
040 |a SNK  |b slo  |c SNK  |e AACR2 
041 0 |a cze 
044 |a xr  |c CZ 
072 7 |a 355/359  |x Vojenstvo. Obrana krajiny. Ozbrojené sily  |2 konspekt 
080 |a 355.244.2  |2 2001 
080 |a (055)  |2 2011 
080 |a 050  |2 2011 
245 0 0 |a Informační zpravodaj ÚV Svazarmu pro přípravu k civilní obraně  |b obrana vlasti 
260 |a Praha  |b Ústřední výbor Svazarmu  |c 1989-1990 
300 |a zv.  |c cm 
362 0 |a 1989-1990 
650 0 7 |a civilná ochrana  |2 SNKPH  |9 21936 
655 7 |a bulletiny  |2 SNKPH  |9 70453 
910 |a snk 
999 |c 75  |d 75 
952 |0 0  |1 1  |4 0  |7 0  |8 5  |a SNK  |b SNK  |d 1998-02-13  |i snkF 397/98  |l 0  |o snkČB 5568/1989  |p 17A0122487  |r 2005-01-02 00:00:00  |w 2026-02-21  |y PREZ 
952 |0 0  |1 1  |4 0  |7 0  |8 5  |a SNK  |b SNK  |d 1998-02-13  |i snkF 411/98  |l 0  |o snkČB 5568/1990  |p 17A0122508  |r 2005-01-02 00:00:00  |w 2026-02-21  |y PREZ